Redes Sociales más utilizadas del Mundo - Estadísticas

Estadísticas generales
  • Esta prueba ha sido intentada 81 veces
  • La puntuación promedio es 6 de 10
Estadísticas de respuestas
# Redes Sociales % Correcto
3 Instagram
99%
1 FaceBook
91%
4 WhatsApp
87%
9 SnapChat
83%
5 TikTok
77%
2 YouTube
62%
7 Telegram
45%
6 WeChat
27%
8 Messenger
26%
10 Douyin
3%
No se encontraron pruebas coincidentes
Distribución de puntuación
Porcentaje de gente con cada puntuación
Porcentaje por número respondido
Historial de tus puntuaciones
No has intentado esta prueba.